UBT Library

Dimensionen, Strukturen und Bedeutung des Nonprofit Sektors : (Record no. 153)

000 -LEADER
fixed length control field 00934nam a22002537a 4500
005 - DATE AND TIME OF LATEST TRANSACTION
control field 20131025102710.0
008 - FIXED-LENGTH DATA ELEMENTS--GENERAL INFORMATION
fixed length control field 131025b xxu||||| |||| 00| 0 eng d
020 ## - INTERNATIONAL STANDARD BOOK NUMBER
International Standard Book Number 3854284268
041 ## - LANGUAGE CODE
Language code of text/sound track or separate title ger
042 ## - AUTHENTICATION CODE
Authentication code pcc
043 ## - GEOGRAPHIC AREA CODE
Geographic area code e-au---
080 ## - UNIVERSAL DECIMAL CLASSIFICATION NUMBER
Universal Decimal Classification number 06.01
245 00 - TITLE STATEMENT
Title Dimensionen, Strukturen und Bedeutung des Nonprofit Sektors :
Statement of responsibility, etc Karin Heitzmann.
260 ## -
-- Wien :
-- Service Fachverlag,
-- 2001.
300 ## -
-- 252 f. ;
-- 24 cm.
490 1# -
-- Schriftenreihe Forschungsergebnisse der Wirtschaftsuniversität Wien
504 ## - BIBLIOGRAPHY, ETC. NOTE
Bibliography, etc Includes bibliographical references : f. 232-245
650 #0 -
-- Organizata jofitimprurëse
-- Austri
650 #0 -
-- Organizata joqeveritare
-- Austri
650 #0 -
-- Interorganizational relations
-- Austria.
700 ## -
-- Heitzmann, Karin
830 #0 -
-- Forschungsergebnisse der Wirtschaftsuniversität Wien.
942 ## - ADDED ENTRY ELEMENTS (KOHA)
Source of classification or shelving scheme
Item type Books
Holdings
Withdrawn status Lost status Source of classification or shelving scheme Damaged status Not for loan Collection code Permanent location Current location Shelving location Date acquired Total Checkouts Full call number Barcode Date last seen Koha item type
          Koleksioni i përgjithshem UBT - Prishtine UBT - Prishtine Koleksioni i përgjithshem 10/25/2013   06.01 HEI 001-000169 10/25/2013 Books
UBT Library © 2015-2024. All rights reserved University Education for Business and Technology